000 00233nam a2200085Ia 4500
245 0 _aHide and seek
100 _a GRAHAM, Amanda Flinders Park, S Aust., 2003
_9100643
942 _cBK
008 210818s9999 xx 000 0 und d
999 _c432519
_d432518